Digital watermarking and steganography: fundamentals and techniques (Record no. 9723)

000 -LEADER
fixed length control field 01510 a2200169 4500
020 ## - INTERNATIONAL STANDARD BOOK NUMBER
International Standard Book Number 9781420047578
040 ## - CATALOGING SOURCE
Original cataloging agency DLC
Language of cataloging DLC
100 1# - MAIN ENTRY--PERSONAL NAME
Personal name Shih, Frank Y.
245 10 - TITLE STATEMENT
Title Digital watermarking and steganography: fundamentals and techniques
Remainder of title fundamentals and techniques
Statement of responsibility, etc. Frank Y. Shih.
260 ## - PUBLICATION, DISTRIBUTION, ETC.
Place of publication, distribution, etc. Boca Raton :
Name of publisher, distributor, etc. CRC Press,
Date of publication, distribution, etc. c2008.
300 ## - PHYSICAL DESCRIPTION
Extent 180 p. :
Other physical details ill. ;
Dimensions 25 cm.
520 1# - SUMMARY, ETC.
Summary, etc. "Every day millions of people capture, store, transmit, and manipulate digital data. Unfortunately free access digital multimedia communication also provides virtually unprecedented opportunities to pirate copyrighted material. Providing the theoretical background needed to develop and implement advanced techniques and algorithms, Digital Watermarking and Steganography; demonstrates how to develop and implement methods to guarantee the authenticity of digital media; explains the categorization of digital watermarking techniques based on characteristics as well as applications; and presents cutting-edge techniques such as the GA-based breaking algorithm on the frequency-domain steganalytic system." "The popularity of digital media continues to soar. The theoretical foundation presented within this valuable reference will facilitate the creation of new techniques and algorithms to combat present and potential threats against information security."--BK JACKET.
650 #0 - SUBJECT ADDED ENTRY--TOPICAL TERM
Topical term or geographic name entry element Computer security.
650 #0 - SUBJECT ADDED ENTRY--TOPICAL TERM
Topical term or geographic name entry element Multimedia systems
General subdivision Security measures.
650 #0 - SUBJECT ADDED ENTRY--TOPICAL TERM
Topical term or geographic name entry element Intellectual property.
942 ## - ADDED ENTRY ELEMENTS (KOHA)
Koha item type Book
Call number prefix 005.8 SHI
Source of classification or shelving scheme
Holdings
Withdrawn status Lost status Damaged status Not for loan Collection code Permanent Location Current Location Shelving location Date acquired Source of acquisition Cost, normal purchase price Total Checkouts Total Renewals Full call number Barcode Date last seen Date last checked out Price effective from Koha item type
          Central Library (CL) Central Library (CL) First Floor - Artificial Intelligence/Data Mining 05/19/2009 Star Books 4807.79 1 1 005.8 SHI SEECS009410 05/07/2026 12/16/2018 01/05/2017 Book
© 2023 Central Library, National University of Sciences and Technology. All Rights Reserved.